|
|
|
|
| LEADER |
00000naa2a2200000 4500 |
| 001 |
226158 |
| 005 |
20231031201120.0 |
| 035 |
|
|
|a (RuTPU)RU\TPU\book\246525
|
| 035 |
|
|
|a RU\TPU\tpu\5648
|
| 090 |
|
|
|a 226158
|
| 100 |
|
|
|a 20121119d1961 u y0rusy50 ca
|
| 101 |
0 |
|
|a rus
|
| 102 |
|
|
|a RU
|
| 105 |
|
|
|a 000|y
|
| 200 |
1 |
|
|a О наведенной активности в помещениях бетатронной лаборатории
|f Р. П. Мещеряков [и др.]
|
| 463 |
|
|
|0 (RuTPU)RU\TPU\book\167798
|t Электронные ускорители
|o труды третьей межвузовской конференции, Томск, 2-7 сентября 1959 г.
|v С. 184-188
|d 1961
|p 419 с.
|
| 610 |
1 |
|
|a электронные ускорители
|
| 610 |
1 |
|
|a труды учёных ТПУ
|
| 701 |
|
1 |
|a Мещеряков
|b Р. П.
|
| 701 |
|
1 |
|a Яковлев
|b Б. М.
|
| 701 |
|
1 |
|a Цыба
|b Г. А.
|
| 701 |
|
1 |
|a Грязнов
|b А.Л.
|
| 801 |
|
0 |
|a RU
|b 63413507
|c 20011210
|g PSBO
|
| 801 |
|
2 |
|a RU
|b 63413507
|c 20121119
|g PSBO
|
| 942 |
|
|
|c BK
|